000 01335cad a22003135a 4500
001 L158516
008 131031s2015 xxk f f 001 0 eng d
035 _a(Sirsi) u158516
041 0 _aeng
050 0 4 _218
110 2 _aRoyal Institution of Chartered Surveyors
_94900
245 0 0 _aInnovative Finance for Real Estate Development in Pan-European Regeneration
_h[electronic resource]
260 _aLondon
_bRICS
_c2015
490 0 _aRICS Research
520 _aA critical review and analysis of innovative financial instruments for real estate development in Western Europe: the UK, Germany and Holland. Reveals different approaches to the financing of development within a regeneration framework. This research outcomes will be useful to EU and European national policy makers in public finance and real estate development.
650 2 4 _aREAL ESTATE DEVELOPMENT
650 2 4 _aFINANCING
651 4 _aEurope
690 _aFinance and taxation
690 _aPlanning and development
_96259
700 1 _aSquires, Graham
700 1 _aHutchison, Norman
700 1 _aAdair, Alastair
700 1 _aBerry, Jim
700 1 _aMcGreal, Stanley
700 1 _aOrgan, Samantha
856 4 0 _uhttps://www.rics.org/Global/Innovative_Financing_230315_dwl_aj.pdf
_zView this item free of charge at www.rics.org
942 _n0
999 _c115356
_d115356